00473 2200181 4500001002100000005001500021035002000036008004100056245007500097100001800172250000600190260003600196300001100232084001400243082000800257650001400265990001200279INLIS00000000000016820240502114106 a0010-0424000144240502 0 ind 1 aAyo Berani Pidato ( Tips & Trik Menjadi Singa Podium ) /cAdi Putranto aPutranto, Adi a1 aBandung :bPustaka Sunda,c2011 a56 hlm a400 ADI a a400 4aNon Fiksi a0732487